| 000 | 00519nam a2200193Ia 4500 | ||
|---|---|---|---|
| 005 | 20250219011608.0 | ||
| 008 | 240331s9999 xx 000 0 und d | ||
| 020 | _a0566057255 | ||
| 082 |
_bWIE _26397 _a305.4 |
||
| 245 | 0 | _aWomen's Struggles and Strategies | |
| 260 |
_aAldershot; _aBrookfield _bGower Publishing Company Limited _c1988 |
||
| 300 | _aviii, 159 p., | ||
| 650 | _aWomen | ||
| 650 | _aFeminism | ||
| 650 | _aWomen's Movement | ||
| 650 | _aWomen's Liberation | ||
| 700 |
_aWieringa, S _eedt |
||
| 942 | _cL | ||
| 999 |
_c4494 _d4494 |
||